| 000 | 00433nam a2200157Ia 4500 | ||
|---|---|---|---|
| 008 | 231217s9999 xx 000 0 und d | ||
| 041 | _aEnglish | ||
| 082 | _a425.076 LIN;2 R1 | ||
| 100 | _aLingua, Forum | ||
| 245 | 0 | _aLingua TOEFL CBT : practice test book | |
| 260 |
_c2003 _bDreamtech press _aNew Delhi |
||
| 300 | _aix+617 | ||
| 300 | _cAC34, AC35, AC36, CD2083, CD2084 | ||
| 650 | _aLingua,TOEFL,CBT,:,test | ||
| 942 | _cAA | ||
| 999 |
_c175103 _d175103 |
||